Los siete sacramentos - Estadísticas

Estadísticas generales
  • Esta prueba ha sido intentada 26 veces
  • La puntuación promedio es 5 de 7
Estadísticas de respuestas
Sacramento % Correcto
Confirmación
96%
Bautismo
92%
Matrimonio
83%
Unción de enfermos
79%
Eucaristía
67%
Orden sacerdotal
54%
Penitencia
25%
No se encontraron pruebas coincidentes
Distribución de puntuación
Porcentaje de gente con cada puntuación
Porcentaje por número respondido
Historial de tus puntuaciones
No has intentado esta prueba.